| 000 | 00000nam##2200000za#4500 |
| 001 | 9.695669 |
| 003 | CaOODSP |
| 005 | 20240527135429 |
| 007 | cr ||||||||||| |
| 008 | 150407|2001||||xxc|||||o f|0| 0 eng|d |
| 040 | |aCaOODSP|beng |
| 043 | |an-cn--- |
| 086 | 1 |aCW66-200/2001E-PDF |
| 110 | 2 |aCanadian Wildlife Service. |
| 245 | 14|aThe Ontario ecogifts handbook 2001 |h[electronic resource] |
| 260 | |aDownsview - Ontario : |bEnvironment Canada. |c2001. |
| 300 | |a32p.|btables, photographs |
| 500 | |aThe catalogue number (CW66-200/2001E) and (0-662-30204-4) for the print edition have been incorrectly copied in this electronic publication. |
| 590 | |a12-13-Supp|b2012-04-03 |
| 690 | 07|aCharitable donations|2gcpds |
| 690 | 07|aConservation areas|2gcpds |
| 690 | 07|aEnvironmental policy|2gcpds |
| 775 | 08|t[Guide sur les dons écologiques en Ontario 2001] |w(CaOODSP)9.639801 |
| 776 | 0#|tThe Ontario ecogifts handbook |w(CaOODSP)9.648115 |
| 856 | 40|ahttp://publications.gc.ca|qPDF|s644 KB|uhttps://publications.gc.ca/collections/Collection/CW66-200-2001E.pdf |